Orthopaedic trauma : (Record no. 120636)

MARC details
000 -LEADER
fixed length control field 01381nam a2200361 a 4500
008 - FIXED-LENGTH DATA ELEMENTS--GENERAL INFORMATION
fixed length control field
020 ## - INTERNATIONAL STANDARD BOOK NUMBER
International Standard Book Number 9781444148824 (paperback)
040 ## - CATALOGING SOURCE
Original cataloging agency NUST
Transcribing agency NUST
049 ## - LOCAL HOLDINGS (OCLC)
Holding library MAIN
090 ## - LOCALLY ASSIGNED LC-TYPE CALL NUMBER (OCLC); LOCAL CALL NUMBER (RLIN)
Classification number (OCLC) (R) ; Classification number, CALL (RLIN) (NR) RD755
Local cutter number (OCLC) ; Book number/undivided call number, CALL (RLIN) ORT
003 - CONTROL NUMBER IDENTIFIER
control field
005 - DATE AND TIME OF LATEST TRANSACTION
control field 20230120204307.0
245 10 - TITLE STATEMENT
Title Orthopaedic trauma :
Remainder of title the Stanmore and Royal London guide/
Statement of responsibility, etc. edited by Sebastian Dawson-Bowling ; Pramod Achan ; Timothy Briggs ; Manoj Ramachandran associate editors Stephen Key & Daud Chou.
260 ## - PUBLICATION, DISTRIBUTION, ETC.
Place of publication, distribution, etc. Boca Raton :
Name of publisher, distributor, etc. CRC Press,
Date of publication, distribution, etc. 2015.
300 ## - PHYSICAL DESCRIPTION
Extent xiii, 424 pages :
Other physical details illustrations (some colour) ;
Dimensions 25 cm.
336 ## - CONTENT TYPE
Content type term text
Content type code txt
Source rdacontent
337 ## - MEDIA TYPE
Media type term unmediated
Media type code n
Source rdamedia
338 ## - CARRIER TYPE
Carrier type term volume
Carrier type code nc
Source rdacarrier
500 ## - GENERAL NOTE
General note Includes index.
504 ## - BIBLIOGRAPHY, ETC. NOTE
Bibliography, etc. note Includes bibliographical references.
650 #1 - SUBJECT ADDED ENTRY--TOPICAL TERM
Topical term or geographic name entry element Orthopedic procedures
General subdivision Methods
Form subdivision Great Britain.
650 ## - SUBJECT ADDED ENTRY--TOPICAL TERM
Topical term or geographic name entry element Fractures, Bone
General subdivision Therapy
Form subdivision Great Britain.
650 ## - SUBJECT ADDED ENTRY--TOPICAL TERM
Topical term or geographic name entry element Traumatology
General subdivision Methods
Form subdivision Great Britain.
650 ## - SUBJECT ADDED ENTRY--TOPICAL TERM
Topical term or geographic name entry element Wounds and injuries
General subdivision Therapy
Form subdivision Great Britain.
700 ## - ADDED ENTRY--PERSONAL NAME
Personal name Dawson-Bowling, Sebastian.,
-- editor.
700 ## - ADDED ENTRY--PERSONAL NAME
Personal name Achan, Pramod.,
-- editor.
700 ## - ADDED ENTRY--PERSONAL NAME
Personal name Briggs, Timothy.,
-- editor.
700 ## - ADDED ENTRY--PERSONAL NAME
Personal name Ramachandran, Manoj.,
-- editor.
700 ## - ADDED ENTRY--PERSONAL NAME
Personal name Key, Stephen.,
-- editor.
700 ## - ADDED ENTRY--PERSONAL NAME
Personal name Chou, Daud.,
-- editor.
907 ## - LOCAL DATA ELEMENT G, LDG (RLIN)
a .b1040496x
b 15-06-21
c 15-06-21
942 ## - ADDED ENTRY ELEMENTS (KOHA)
Koha item type Ordinary Loan Books
Call number prefix RD755
Call number suffix ORT
Holdings
Date last seen Total Checkouts Full call number Barcode Cost, replacement price Price effective from Koha item type Lost status Source of classification or shelving scheme Damaged status Not for loan Collection Withdrawn status Home library Current library Shelving location Date acquired Cost, normal purchase price
01/20/2023   RD755 ORT 92004049305 80.00 01/20/2023 BOOKS   LCC     NFIC   Medical Medical GEN 01/20/2023 80.00